[Event "37th Zalakaros Festival 2018"]
[Site "Zalakaros"]
[Date "2018.05.27"]
[Round "3"]
[White "Suta, Andraz"]
[Black "Zentai, Peter"]
[Result "1/2-1/2"]
[WhiteElo "2212"]
[BlackElo "2327"]
[Annotator "NA"]
[PlyCount "108"]
[EventDate "2018.??.??"]
[EventType "swiss"]
[EventCountry "HUN"]
[SourceTitle "playchess.com"]
[Source "ChessBase"]
[SourceQuality "1"]
[TimeControl "40/5400+30:1800+30"]

1. e4 {[%emt 0:00:03]} e6 {[%emt 0:00:36]} 2. d4 {[%emt 0:00:03]} d5 {[%emt 0:00:05]} 3. e5 {[%emt 0:00:04]} c5 {[%emt 0:00:37]} 4. c3 {[%emt 0:00:05]} Nc6 {[%emt 0:00:08]} 5. Nf3 {[%emt 0:00:05]} Bd7 {[%emt 0:00:27]} 6. dxc5 {[%emt 0:00:11]} Bxc5 {[%emt 0:06:51]} 7. Bd3 {[%emt 0:00:04]} Qc7 {[%emt 0:07:44]} 8. Qe2 {[%emt 0:00:05]} Nge7 {[%emt 0:03:16]} 9. O-O {[%emt 0:00:11]} Ng6 {[%emt 0:03:58]} 10. Re1 {[%emt 0:00:26]} O-O {[%emt 0:09:54]} 11. h4 {[%emt 0:10:30]} f6 {[%emt 0:08:41]} 12. b4 {[%emt 0:35:02]} Bb6 {[%emt 0:01:24]} 13. a4 {[%emt 0:00:59]} a5 {[%emt 0:12:39]} 14. bxa5 {[%emt 0:02:07]} Rxa5 {[%emt 0:10:40]} 15. Bxg6 {[%emt 0:03:24]} hxg6 {[%emt 0:00:14]} 16. Ba3 {[%emt 0:00:07]} Bc5 {[%emt 0:07:11]} 17. exf6 {[%emt 0:13:33]} gxf6 {[%emt 0:02:34]} 18. Bxc5 {[%emt 0:07:24]} Rxc5 {[%emt 0:00:05]} 19. Na3 {[%emt 0:00:05]} e5 {[%emt 0:17:37]} 20. Nb5 {[%emt 0:00:59]} Qd8 {[%emt 0:01:28]} 21. Nd2 {[%emt 0:05:15]} Qe7 {[%emt 0:01:54]} 22. c4 {[%emt 0:05:28]} dxc4 {[%emt 0:02:12]} 23. Nxc4 {[%emt 0:00:57]} Be6 {[%emt 0:00:09]} 24. Ne3 {[%emt 0:00:39]} Nb4 {[%emt 0:01:28]} 25. Rab1 {[%emt 0:01:50]} Nd5 {[%emt 0:00:20]} 26. Nxd5 {[%emt 0:00:34]} Rxd5 {[%emt 0:00:17]} 27. Rbc1 {[%emt 0:00:30]} Rfd8 {[%emt 0:00:25]} 28. Rc2 {[%emt 0:10:49]} Bf5 {[%emt 0:00:38]} 29. Rc7 {[%emt 0:00:54]} R5d7 {[%emt 0:00:46]} 30. Rec1 {[%emt 0:00:51]} Rxc7 31. Rxc7 {[%emt 0:00:18]} Rd7 {[%emt 0:00:46]} 32. Qc4+ {[%emt 0:01:11]} Be6 {[%emt 0:00:19]} 33. Qc2 {[%emt 0:00:29]} Kg7 {[%emt 0:00:32]} 34. Rxd7 {[%emt 0:00:53]} Qxd7 {[%emt 0:00:09]} 35. Qc5 {[%emt 0:00:19]} Bf7 {[%emt 0:01:19]} 36. Nd6 {[%emt 0:00:22]} Bb3 {[%emt 0:00:31]} 37. a5 {[%emt 0:00:28]} Ba4 {[%emt 0:00:21]} 38. Nc4 {[%emt 0:00:54]} Bc6 {[%emt 0:00:11]} 39. Ne3 {[%emt 0:00:15]} Qe6 {[%emt 0:00:34]} 40. Qb6 {[%emt 0:00:00]} Qd7 {[%emt 0:00:55]} 41. a6 {[%emt 0:04:29]} bxa6 {[%emt 0:00:54]} 42. Qxa6 {[%emt 0:01:12]} Bb7 {[%emt 0:04:49]} 43. Qb6 {[%emt 0:01:39]} Bc6 {[%emt 0:03:25]} 44. Qc5 {[%emt 0:01:46]} Qe6 {[%emt 0:04:18]} 45. Qc4 {[%emt 0:04:48]} Qxc4 {[%emt 0:02:27]} 46. Nxc4 {[%emt 0:00:07]} Kh6 {[%emt 0:00:24]} 47. g4 {[%emt 0:06:41]} Bd7 {[%emt 0:04:36]} 48. f3 {[%emt 0:05:01]} e4 {[%emt 0:04:12]} 49. Kf2 {[%emt 0:02:17]} exf3 {[%emt 0:00:23]} 50. Kxf3 {[%emt 0:00:25]} g5 {[%emt 0:00:23]} 51. hxg5+ {[%emt 0:02:21]} Kxg5 {[%emt 0:00:11]} 52. Ne3 {[%emt 0:00:06]} f5 {[%emt 0:00:07]} 53. Nxf5 {[%emt 0:00:22]} Bxf5 {[%emt 0:00:05]} 54. gxf5 {[%emt 0:00:05]} Kxf5 1/2-1/2

[Event "37th Zalakaros Festival 2018"]
[Site "Zalakaros"]
[Date "2018.05.27"]
[Round "3"]
[White "Kincs, Imre"]
[Black "Ostovic, Matija"]
[Result "0-1"]
[WhiteElo "2210"]
[BlackElo "2352"]
[Annotator "NA"]
[PlyCount "70"]
[EventDate "2018.??.??"]
[EventType "swiss"]
[EventCountry "HUN"]
[SourceTitle "playchess.com"]
[Source "ChessBase"]
[SourceQuality "1"]
[TimeControl "40/5400+30:1800+30"]

1. e4 {[%emt 0:11:52]} c5 {[%emt 0:00:50]} 2. Nf3 {[%emt 0:00:20]} d6 {[%emt 0:00:11]} 3. d4 {[%emt 0:00:22]} cxd4 {[%emt 0:00:14]} 4. Nxd4 {[%emt 0:00:06]} Nf6 {[%emt 0:00:06]} 5. Nc3 {[%emt 0:00:03]} a6 {[%emt 0:00:04]} 6. Be3 {[%emt 0:01:37]} e5 {[%emt 0:00:20]} 7. Nb3 {[%emt 0:01:07]} Be6 {[%emt 0:00:19]} 8. f3 {[%emt 0:01:18]} Be7 {[%emt 0:02:09]} 9. Qd2 {[%emt 0:01:46]} Nbd7 {[%emt 0:02:19]} 10. O-O-O {[%emt 0:01:18]} h5 {[%emt 0:02:59]} 11. Be2 {[%emt 0:01:10]} b5 {[%emt 0:00:33]} 12. Kb1 {[%emt 0:11:22]} Rc8 {[%emt 0:08:12]} 13. a3 {[%emt 0:18:19]} O-O {[%emt 0:07:47]} 14. h3 {[%emt 0:02:32]} Nb6 {[%emt 0:19:45]} 15. Bg5 {[%emt 0:01:35]} Nfd5 {[%emt 0:03:37]} 16. Nxd5 {[%emt 0:14:40]} Bxg5 {[%emt 0:00:31]} 17. f4 {[%emt 0:00:29]} Bxd5 {[%emt 0:03:21]} 18. exd5 {[%emt 0:00:30]} Bxf4 {[%emt 0:00:19]} 19. Qd3 {[%emt 0:03:18]} Nc4 {[%emt 0:02:57]} 20. g3 {[%emt 0:00:32]} Bh6 {[%emt 0:01:04]} 21. Bxh5 {[%emt 0:00:41]} Qg5 {[%emt 0:04:00]} 22. Be2 {[%emt 0:02:53]} Ne3 {[%emt 0:06:07]} 23. Rdg1 {[%emt 0:00:26]} Rxc2 {[%emt 0:03:05]} 24. h4 {[%emt 0:00:06]} Qe7 {[%emt 0:02:14]} 25. g4 {[%emt 0:00:18]} e4 {[%emt 0:03:01]} 26. Qd4 {[%emt 0:05:02]} Bf4 {[%emt 0:01:06]} 27. Bd1 {[%emt 0:01:13]} Rc4 {[%emt 0:06:47]} 28. Qd2 {[%emt 0:01:51]} Qe5 {[%emt 0:00:29]} 29. Na5 {[%emt 0:00:30]} Rd4 {[%emt 0:01:13]} 30. Qf2 {[%emt 0:01:22]} Nxd1 {[%emt 0:08:25]} 31. Rxd1 {[%emt 0:00:08]} e3 {[%emt 0:00:24]} 32. Qf3 {[%emt 0:01:47]} Rxd1+ {[%emt 0:00:31]} 33. Rxd1 {[%emt 0:00:06]} e2 {[%emt 0:00:46]} 34. Re1 {[%emt 0:00:21]} Re8 {[%emt 0:00:44]} 35. Nc6 {[%emt 0:00:33]} Qe4+ {[%emt 0:00:32]} 0-1

[Event "37th Zalakaros Festival 2018"]
[Site "Zalakaros"]
[Date "2018.05.27"]
[Round "3"]
[White "Karacsonyi, Gellert"]
[Black "Li, Bo"]
[Result "0-1"]
[WhiteElo "2208"]
[BlackElo "2319"]
[Annotator "NA"]
[PlyCount "46"]
[EventDate "2018.??.??"]
[EventType "swiss"]
[EventCountry "HUN"]
[SourceTitle "playchess.com"]
[Source "ChessBase"]
[SourceQuality "1"]
[TimeControl "40/5400+30:1800+30"]

1. e4 {[%emt 0:00:02]} c5 {[%emt 0:01:58]} 2. Nf3 {[%emt 0:00:07]} Nc6 {[%emt 0:01:35]} 3. d4 {[%emt 0:00:09]} cxd4 {[%emt 0:00:48]} 4. Nxd4 {[%emt 0:00:08]} Qb6 {[%emt 0:02:42]} 5. Nb3 {[%emt 0:00:07]} Nf6 {[%emt 0:04:25]} 6. Bd3 {[%emt 0:00:15]} d6 {[%emt 0:03:54]} 7. O-O {[%emt 0:01:46]} g6 {[%emt 0:02:01]} 8. Nc3 {[%emt 0:03:12]} Bg7 {[%emt 0:01:25]} 9. Be3 {[%emt 0:03:44]} Qd8 {[%emt 0:04:57]} 10. h3 {[%emt 0:03:04]} O-O {[%emt 0:05:12]} 11. f4 {[%emt 0:01:24]} d5 {[%emt 0:06:47]} 12. e5 {[%emt 0:19:28]} d4 {[%emt 0:03:05]} 13. exf6 {[%emt 0:00:22]} Bxf6 {[%emt 0:00:58]} 14. Ne4 {[%emt 0:00:48]} dxe3 {[%emt 0:00:27]} 15. Nxf6+ {[%emt 0:00:41]} exf6 {[%emt 0:00:03]} 16. Qf3 {[%emt 0:01:11]} Qb6 {[%emt 0:04:35]} 17. Rfe1 {[%emt 0:05:03]} Re8 {[%emt 0:01:15]} 18. Re2 {[%emt 0:21:18]} Nb4 {[%emt 0:18:28]} 19. Rae1 {[%emt 0:09:31]} Bd7 {[%emt 0:08:35]} 20. Be4 {[%emt 0:03:41]} Bb5 {[%emt 0:05:25]} 21. Rxe3 {[%emt 0:05:17]} f5 {[%emt 0:01:12]} 22. Bd3 {[%emt 0:01:23]} Bxd3 {[%emt 0:01:07]} 23. cxd3 {[%emt 0:00:06]} Nc2 {[%emt 0:01:16]} 0-1

[Event "37th Zalakaros Festival 2018"]
[Site "Zalakaros"]
[Date "2018.05.27"]
[Round "3"]
[White "Diller, Denis"]
[Black "Galyas, Miklos"]
[Result "0-1"]
[WhiteElo "2008"]
[BlackElo "2508"]
[Annotator "TA"]
[PlyCount "68"]
[EventDate "2018.??.??"]
[EventType "swiss"]
[EventCountry "HUN"]
[SourceTitle "playchess.com"]
[Source "ChessBase"]
[SourceQuality "1"]

{[%evp 15,68,4,19,18,17,0,0,0,-2,0,37,0,0,0,0,0,0,0,0,0,10,10,19,1,19,0,45,0,10,-39,-31,-102,-72,-335,-343,-401,-401,-401,-401,-401,-405,-400,-398,-452,-443,-431,-429,-425,-426,-532,-528,-495,-512,-597,-568]} 1. d4 d6 2. Nf3 g6 3. g3 Bg7 4. Bg2 Nf6 5. O-O O-O 6. Re1 Nbd7 7. e4 e5 8. dxe5 dxe5 9. Qe2 $146 {A49: 1 d4 Nf6 2 Nf3 g6 3 g3: Anti-King's Indian systems} ({Predecessor:} 9. Nbd2 b6 10. b3 Qe7 11. a4 Ba6 12. Ba3 c5 13. Bf1 Bb7 14. a5 Rad8 15. axb6 axb6 16. Bb2 Nb8 17. Bxe5 Nxe4 18. Bxg7 Kxg7 {1-0 (28) Lipka,J (2415)-Mazur,S (2460) Austria 2018}) 9... b6 10. Rd1 Qe7 11. b3 {The position is equal.} Bb7 12. Ba3 Nc5 13. Nbd2 Rfd8 14. Ne1 {[%cal Bf3e1,Be1d3,Bd3b4,Bb4d5][%mdl 32]} Nfd7 15. Nd3 Bf8 16. Nc4 Qe8 17. Bb2 {[%cal Rc4e5]} Bg7 18. Nb4 Rac8 19. Nd5 Nf6 20. a4 (20. Bxe5 Nxd5 21. exd5 f6 $17) 20... Ba8 21. Rab1 ({And not} 21. Bxe5 Nxd5 22. exd5 f6 $17) 21... Ncxe4 22. Bxe4 {Strongly threatening Nxf6+.} Nxd5 23. Qf3 (23. Rd2 $15) 23... c6 {[%cal Bc7c6,Bc6d5][%mdl 32]} 24. Ba3 $2 {[%mdl 8192]} (24. Qe2 $17 {keeps fighting.}) 24... f5 $19 25. Bxd5+ cxd5 ({Not} 25... Rxd5 26. Nd6 $15) 26. Nd6 {[#]} Rxd6 $1 {[%mdl 512]} 27. Bxd6 d4 28. Qe2 Qd7 (28... Qc6 $2 {[#]} 29. Qc4+ $1 {[%mdl 512]} Qxc4 30. bxc4 $19) 29. Bxe5 Qd5 {[%csl Ga8][%cal Rd5h1] Black is clearly winning.} 30. f3 {Hoping for Bxg7.} Qxe5 ({Weaker is} 30... Bxe5 31. Rd3 $19) 31. Qxe5 Bxe5 32. f4 Bf6 33. Rd2 Be4 34. Rc1 {[#]} d3 $1 {Precision: White = 46%, Black = 70%.} 0-1

[Event "37th Zalakaros Festival 2018"]
[Site "Zalakaros"]
[Date "2018.05.28"]
[Round "4"]
[White "Galyas, Miklos"]
[Black "Radovanovic, Jovica"]
[Result "1-0"]
[WhiteElo "2508"]
[BlackElo "2311"]
[Annotator "TA"]
[PlyCount "87"]
[EventDate "2018.??.??"]
[EventType "swiss"]
[EventCountry "HUN"]
[SourceTitle "playchess.com"]
[Source "ChessBase"]
[SourceQuality "1"]

{[%evp 9,87,31,20,0,44,29,32,34,43,31,36,42,37,37,44,45,66,54,66,61,57,54,62,72,90,88,91,88,79,87,80,67,46,62,50,43,51,0,0,7,59,12,16,0,21,45,79,94,90,-389,-389,-1316,0,0,0,0,0,0,0,0,0,0,171,173,175,139,574,563,548,505,704,1743,12840,12840,12841,12841,12841,12841,12843,12843]} 1. Nf3 d5 2. c4 d4 3. b4 a5 4. b5 (4. Bb2 axb4 5. Nxd4 e5 6. Nb3 Nc6 7. g3 g6 8. Bg2 Bg7 9. O-O Nge7 10. a3 O-O 11. axb4 Rxa1 12. Bxa1 Nxb4 13. Nc3 Be6 14. Nc5 Bxc4 15. Qa4 {1-0 (15) Ramirez,A (2566)-Granda Zuniga,J (2650) Panama City 2017}) 4... g6 5. g3 Bg7 6. d3 {A09: Réti Opening: 1 Nf3 d5 2 c4} e5 7. a4 Ne7 8. Bg2 {White is slightly better.} O-O 9. O-O $146 ({Predecessor:} 9. Ba3 Re8 10. O-O h6 11. Nbd2 Be6 {0-1 (51) Willems,M (2027)-Lampert,J (2284) Hofheim 2013}) 9... Nf5 10. Ba3 Re8 11. Nbd2 Nd7 {[%cal Bb8d7,Bd7b6,Bb6d5,Bd5c3][%mdl 32]} 12. Ne4 Nb6 13. Nfd2 {[%cal Bf3d2,Bd2c4,Bc4d6][%mdl 32]} Ra7 14. Rc1 h5 15. c5 Nd5 16. Nc4 b6 17. cxb6 cxb6 18. Ncd6 Nxd6 19. Nxd6 ({Much weaker is} 19. Bxd6 $6 Be6 $11) 19... Nc3 20. Rxc3 dxc3 21. Nxe8 Qxe8 22. Qc2 e4 23. dxe4 Rd7 24. Bc1 $1 Bb7 (24... Qe7 $11) 25. Be3 Qe6 26. f4 Qc4 27. e5 $1 {Bxb7 is the strong threat.} (27. Bxb6 $2 Rd2 $19) 27... Bxg2 28. Kxg2 Bf8 {Strongly threatening ...Bc5.} 29. f5 $2 {[%mdl 8192]} (29. Rf3 $16 {keeps the pressure on.}) 29... Bc5 $1 $19 {[%cal Rc5e3]} 30. e6 $2 {[#]} (30. Rf4 Qd5+ 31. Rf3 Bxe3 32. Qxc3) 30... fxe6 $2 (30... Rd2 $1 $19 31. e7 Qxe2+ 32. Rf2 Qxe3 33. Rxd2 cxd2 34. e8=Q+ Qxe8 35. Qxd2 Qe4+ 36. Kh3 Qg4+ 37. Kg2 Qe4+ 38. Kh3 Qxf5+ 39. Kg2 Qe4+ 40. Kh3 Qf5+ 41. Kg2 Qe4+ 42. Kh3 Qxa4) 31. fxe6 $11 Qxe6 32. Bxc5 bxc5 33. Qxc3 Qxe2+ $19 {[%mdl 4096] Endgame KQR-KQR} 34. Rf2 Qe4+ 35. Qf3 Qxf3+ $2 (35... Qxa4 $11 {and Black stays safe.} 36. Qf8+ (36. Qc6 Rg7 $14) 36... Kh7) 36. Kxf3 $11 {KR-KR} ({Don't play} 36. Rxf3 $6 Kg7 $16) 36... Kf7 37. Rc2 Rd3+ $2 {[%mdl 8192] [#]} (37... Rd4 $16 {is more resistant.}) 38. Ke4 $1 $18 {[%cal Re4d3] White is clearly winning.} Rd4+ 39. Ke5 Rxa4 40. Rb2 Rd4 41. b6 {[%cal Bb5b6,Bb6b7][%mdl 32]} Rd8 42. b7 Rb8 43. Kd6 Rd8+ 44. Kxc5 {Precision: White = 63%, Black = 39%.} 1-0

[Event "37th Zalakaros Festival 2018"]
[Site "Zalakaros"]
[Date "2018.05.28"]
[Round "4"]
[White "Horvath, Adam"]
[Black "Marosi, Levente"]
[Result "1-0"]
[WhiteElo "2481"]
[BlackElo "2277"]
[Annotator "TA"]
[PlyCount "63"]
[EventDate "2018.??.??"]
[EventType "swiss"]
[EventCountry "HUN"]
[SourceTitle "playchess.com"]
[Source "ChessBase"]
[SourceQuality "1"]

{[%evp 24,63,29,29,97,97,96,98,100,97,72,68,112,102,123,119,134,125,139,137,126,122,220,158,232,247,250,243,358,353,377,402,445,437,441,446,440,435,724,467,621,631]} 1. e4 c6 2. d4 d5 3. Nc3 dxe4 4. Nxe4 Bf5 5. Ng3 Bg6 6. Nh3 e6 7. Nf4 Bd6 8. c3 Nf6 9. h4 {B18: Classical Caro-Kann: 4...Bf5 sidelines} Qc7 10. Qf3 Nbd7 11. h5 Bc2 12. h6 gxh6 13. Ngh5 {LiveBook: 3 Games} O-O-O {[#]} (13... Nxh5 $11 {remains equal.} 14. Rxh5 c5) 14. Nxf6 $146 ({Predecessor:} 14. Bd3 Bxd3 15. Nxd3 Nd5 16. Bxh6 {1-0 (59) Ponomariov,R (2709)-Margvelashvili,G (2530) chess.com INT 2017}) 14... Nxf6 {[#]} 15. Bd3 $1 {[%cal Rd3c2]} Bxd3 16. Nxd3 Nd5 {[%cal Bf6d5,Bd5b6,Bb6c4][%mdl 32]} 17. Bd2 Nb6 18. Rxh6 Nc4 19. Bg5 Rd7 20. Bf6 Re8 21. O-O-O {[%cal Be1c1,Bc1b1,Bb1a1][%mdl 32]} Qa5 22. Kb1 Qb5 (22... e5 $16) 23. Ka1 e5 (23... Qf5 $16 24. Qxf5 exf5 25. Rxh7 Re6) 24. b3 $18 {[%cal Bb2b3,Bb3c4][%mdl 32]} e4 25. bxc4 Qa5 (25... Qxc4 $142 26. Qe3 Qxc3+ 27. Nb2 Qxe3 28. fxe3 Re6) 26. Qe2 Re6 27. Nb2 Bf8 28. Rh5 {White is clearly winning.} Qxc3 29. Rh3 Qa5 30. Be5 f6 (30... Bd6 $142 31. Bxd6 Rexd6 32. Qxe4 Qg5) 31. Bf4 Ba3 32. Rb3 {Precision: White = 85%, Black = 22%.} 1-0

[Event "37th Zalakaros Festival 2018"]
[Site "Zalakaros"]
[Date "2018.05.28"]
[Round "4"]
[White "Chernyshov, Konstantin"]
[Black "Peczely, Sebastian Zsombor"]
[Result "1-0"]
[WhiteElo "2478"]
[BlackElo "2244"]
[Annotator "TA"]
[PlyCount "103"]
[EventDate "2018.??.??"]
[EventType "swiss"]
[EventCountry "HUN"]
[SourceTitle "playchess.com"]
[Source "ChessBase"]
[SourceQuality "1"]

{[%evp 9,103,8,70,32,111,98,97,101,95,108,106,94,110,101,86,75,81,84,110,106,116,117,109,98,217,120,118,119,118,115,141,145,162,146,132,48,54,43,55,54,57,50,65,65,59,66,62,27,26,0,105,103,95,95,126,124,131,141,131,141,124,96,92,97,90,86,100,100,134,116,132,142,284,281,268,269,514,368,382,382,539,533,745,745,681,716,693,658,1360,1339,2480,2447,29990,29991,29992,1188]} 1. c4 c5 2. Nc3 Nc6 3. g3 e6 (3... g6 4. Bg2 Bg7 5. Nf3 d6 6. a3 Nf6 7. Rb1 O-O 8. b4 b6 9. O-O Bb7 10. d3 Qd7 11. e3 Rfd8 12. Qe2 Rac8 13. b5 Ne5 14. Nxe5 dxe5 15. Bxb7 Qxb7 {½-½ (70) Shimanov,A (2641)-Lenderman,A (2611) chess.com INT 2018}) 4. Bg2 Nge7 5. Nf3 d6 (5... d5 $11) 6. O-O $146 {A36: Symmetrical English vs ...g6: 4 Bg2 Bg7} ({Predecessor:} 6. d4 cxd4 7. Nxd4 Nxd4 8. Qxd4 Nc6 9. Qd2 Be7 10. b3 O-O 11. Bb2 {1-0 (52) Jakubowski,K (2497)-Plunge,G (2163) Warsaw 2006}) 6... a6 ({Black should try} 6... Nf5 $14) 7. d4 $16 cxd4 8. Nxd4 {White is better.} Nxd4 9. Qxd4 Nc6 10. Qd2 Be7 11. b3 O-O 12. Bb2 Rb8 13. Rfd1 Qd7 14. Rac1 Rd8 15. Qe3 b6 16. Rd2 Na5 (16... h6 $16) 17. Rcd1 ({White must play} 17. Na4 $18) 17... Qc7 18. Ne4 {[%cal Bc3e4,Be4f6,Bf6e8,Be8c7][%mdl 32]} Bb7 19. Qd4 {[%csl Gb2][%cal Rd4g7]} Bf8 20. Nf6+ Kh8 {[#]} 21. Qh4 $1 {[%csl Gf6][%cal Rh4h7]} h6 22. Qxh6+ (22. Be4 $16 Be7 23. Qh5) 22... gxh6 $14 23. Ne8+ Kg8 24. Nxc7 Rdc8 $1 {[%cal Rc8c7]} 25. Bxb7 Rxb7 26. Nxa6 Ra7 27. Nb4 {Hoping for Rd4.} d5 $1 28. Nxd5 (28. Nd3 $5 {[%cal Rc4d5]} dxc4 29. Rc2 $16) 28... exd5 29. Rxd5 (29. cxd5 {is interesting.} Nb7 30. Bd4 Bb4 31. Rb2 Ba3 32. Rbb1) 29... Rc5 (29... Nb7 $1 $11) 30. Rd7 Rxd7 31. Rxd7 {Strongly threatening b4.} Rc6 32. Bd4 Re6 33. Kf1 Bc5 34. Rd8+ Kh7 35. Bc3 {Threatens to win with Rh8+.} Nc6 36. Rh8+ Kg6 37. Rg8+ Kf5 38. Rg7 Re7 {[#]} 39. g4+ $1 Ke4 40. Rh7 Ne5 (40... Rd7 $16 {is a better defense.} 41. Rxh6 Rd1+ 42. Kg2 Ne7) 41. Rxh6 $18 Ng6 42. Rh5 Ra7 $2 (42... Rd7 {keeps fighting.}) 43. a4 Rd7 {White must now prevent ...Rd1+.} 44. Ke1 f6 (44... Be7 {was necessary.} 45. Rb5 Kf4 46. Rxb6 Kxg4) 45. b4 Be7 46. f3+ Ke3 47. Rd5 Rxd5 48. cxd5 b5 49. a5 {[%cal Ba4a5,Ba5a6,Ba6a7][%mdl 32]} f5 50. a6 f4 51. a7 Bf6 52. Bd2+ {Precision: White = 76%, Black = 45%.} (52. Bxf6 $142 Nh4 53. Bxh4 Kd4 54. a8=Q Kc3 55. Qa2 Kxb4 56. Be7+ Kc3 57. Qa3+ Kd4 58. Qd3+ Ke5 59. Qe4#) 1-0

[Event "37th Zalakaros Festival 2018"]
[Site "Zalakaros"]
[Date "2018.05.28"]
[Round "4"]
[White "Tompa, Janos"]
[Black "Ianov, Viktor"]
[Result "1/2-1/2"]
[WhiteElo "2372"]
[BlackElo "2285"]
[Annotator "NA"]
[PlyCount "88"]
[EventDate "2018.??.??"]
[EventType "swiss"]
[EventCountry "HUN"]
[SourceTitle "playchess.com"]
[Source "ChessBase"]
[SourceQuality "1"]
[TimeControl "40/5400+30:1800+30"]

1. Nf3 {[%emt 0:00:06]} d6 {[%emt 0:01:11]} 2. d4 {[%emt 0:00:28]} Bg4 {[%emt 0:00:08]} 3. b3 {[%emt 0:04:01]} g6 {[%emt 0:01:43]} 4. Bb2 {[%emt 0:00:05]} Bg7 {[%emt 0:00:07]} 5. e3 {[%emt 0:01:23]} c5 {[%emt 0:01:30]} 6. Be2 {[%emt 0:04:59]} Nc6 {[%emt 0:01:02]} 7. O-O {[%emt 0:01:18]} Nh6 {[%emt 0:00:38]} 8. Nbd2 {[%emt 0:05:48]} O-O {[%emt 0:00:38]} 9. h3 {[%emt 0:00:22]} Bd7 {[%emt 0:00:40]} 10. Rb1 {[%emt 0:09:05]} cxd4 {[%emt 0:02:19]} 11. exd4 {[%emt 0:00:57]} d5 {[%emt 0:00:25]} 12. c3 {[%emt 0:07:12]} Nf5 {[%emt 0:01:24]} 13. Bd3 {[%emt 0:00:10]} Re8 {[%emt 0:01:04]} 14. Re1 {[%emt 0:00:28]} Rc8 {[%emt 0:00:34]} 15. Ne5 {[%emt 0:01:37]} Nd6 {[%emt 0:01:39]} 16. Nxd7 {[%emt 0:01:18]} Qxd7 {[%emt 0:00:10]} 17. Nf3 {[%emt 0:00:16]} e6 {[%emt 0:00:42]} 18. Ne5 {[%emt 0:11:06]} Nxe5 {[%emt 0:01:42]} 19. dxe5 {[%emt 0:00:06]} Nb5 {[%emt 0:01:45]} 20. c4 {[%emt 0:01:47]} Nc7 {[%emt 0:00:26]} 21. Qf3 {[%emt 0:02:34]} Red8 {[%emt 0:03:00]} 22. Rbd1 {[%emt 0:03:42]} Qe7 {[%emt 0:00:27]} 23. cxd5 {[%emt 0:01:29]} Nxd5 {[%emt 0:01:16]} 24. Be4 {[%emt 0:01:53]} Qb4 {[%emt 0:00:41]} 25. Re2 {[%emt 0:00:53]} Qa5 {[%emt 0:04:03]} 26. a3 {[%emt 0:09:22]} Nf4 {[%emt 0:03:40]} 27. Rxd8+ {[%emt 0:10:44]} Qxd8 {[%emt 0:00:45]} 28. Rc2 {[%emt 0:00:22]} Rxc2 {[%emt 0:00:55]} 29. Bxc2 {[%emt 0:00:05]} Qd2 {[%emt 0:00:22]} 30. Qd1 {[%emt 0:01:07]} Qxd1+ {[%emt 0:00:38]} 31. Bxd1 {[%emt 0:00:03]} Nd3 {[%emt 0:00:10]} 32. Bd4 {[%emt 0:00:01]} b6 {[%emt 0:00:08]} 33. Be2 {[%emt 0:00:57]} Bxe5 {[%emt 0:00:29]} 34. Bxd3 {[%emt 0:00:04]} Bxd4 {[%emt 0:00:07]} 35. g4 {[%emt 0:00:51]} h6 {[%emt 0:00:34]} 36. Kg2 {[%emt 0:00:39]} Kg7 {[%emt 0:00:18]} 37. f4 {[%emt 0:01:07]} f5 {[%emt 0:01:18]} 38. Bb5 {[%emt 0:02:13]} Kf6 {[%emt 0:01:21]} 39. Kf3 {[%emt 0:00:09]} Bb2 {[%emt 0:00:13]} 40. a4 {[%emt 0:00:00]} Bc1 {[%emt 0:00:07]} 41. Be8 {[%emt 0:01:00]} g5 {[%emt 0:00:33]} 42. fxg5+ {[%emt 0:00:52]} hxg5 {[%emt 0:00:29]} 43. gxf5 {[%emt 0:00:42]} exf5 {[%emt 0:00:10]} 44. Bd7 {[%emt 0:00:06]} Ke5 {[%emt 0:00:14] Ke4+} 1/2-1/2

[Event "37th Zalakaros Festival 2018"]
[Site "Zalakaros"]
[Date "2018.05.28"]
[Round "4"]
[White "Ostovic, Matija"]
[Black "Nemeth, Miklos"]
[Result "1/2-1/2"]
[WhiteElo "2352"]
[BlackElo "2491"]
[Annotator "TA"]
[PlyCount "39"]
[EventDate "2018.??.??"]
[EventType "swiss"]
[EventCountry "HUN"]
[SourceTitle "playchess.com"]
[Source "ChessBase"]
[SourceQuality "1"]

{[%evp 24,39,44,39,32,33,52,32,55,37,25,0,54,0,20,0,61,0]} 1. d4 Nf6 2. c4 e6 3. Nf3 b6 4. e3 Bb7 5. Bd3 d5 6. O-O Nbd7 7. b3 Be7 8. Bb2 O-O 9. cxd5 exd5 10. Nc3 Ne4 11. Rc1 f5 {E14: Queen's Indian: Classical Variation (4 e3)} (11... Rc8 12. Qe2 c5 13. Ba6 Nxc3 14. Bxc3 Qc7 15. Bb2 Rfd8 16. Rfd1 Nf8 17. Ne5 Ne6 18. Bd3 Bf8 19. h4 {½-½ (37) Grischuk,A (2772)-Bacrot,E (2725) Riadh 2017}) 12. Ne2 Bd6 13. Ne5 {LiveBook: 3 Games} Qe7 {[%cal Rd7e5]} 14. Qc2 g6 {[%cal Rd7e5]} 15. Bb5 Nb8 $146 ({Predecessor:} 15... Bxe5 16. dxe5 c6 17. Bxc6 Rac8 18. Bxb7 Rxc2 19. Bxd5+ {1-0 (36) Ravi,T (2399)-Pavan,B (1945) Mumbai 2016}) 16. Nc6 Qf7 17. Ne5 Qe7 $1 18. Nc6 Qf7 19. Ne5 Qe7 $1 20. Nc6 (20. Nf4 $14) 1/2-1/2